[Event "Rapid 2018"]
[Site "Saint-Petersburg"]
[Date "2018.12.27"]
[Round "10"]
[Board "91"]
[White "Vlassov Nikolai (RUS)"]
[Black "Mamatov Melis (KGZ)"]
[Result "1/2-1/2"]
[BlackElo "2234"]
[WhiteElo "2492"]
[LiveChessVersion "1.4.8"]

1. e4 {[%clk 0:15:18]} c5 {[%clk 0:15:19]} 2. c3 {[%clk 0:15:27]} e6
{[%clk 0:14:57]} 3. d4 {[%clk 0:15:35]} d5 {[%clk 0:14:42]} 4. exd5
{[%clk 0:15:43]} exd5 {[%clk 0:14:43]} 5. Nf3 {[%clk 0:15:51]} Nc6
{[%clk 0:14:27]} 6. Be3 {[%clk 0:15:59]} cxd4 {[%clk 0:14:01]} 7. Nxd4
{[%clk 0:16:07]} Nf6 {[%clk 0:14:01]} 8. Be2 {[%clk 0:16:16]} Bd6
{[%clk 0:13:57]} 9. O-O {[%clk 0:16:23]} O-O {[%clk 0:14:05]} 10. Nd2
{[%clk 0:16:30]} Bd7 {[%clk 0:13:35]} 11. Re1 {[%clk 0:16:37]} a6
{[%clk 0:13:30]} 12. Nf1 {[%clk 0:16:45]} Re8 {[%clk 0:12:52]} 13. Bg5
{[%clk 0:16:44]} Be5 {[%clk 0:12:27]} 14. Nf3 {[%clk 0:16:36]} Be6
{[%clk 0:09:52]} 15. Nxe5 {[%clk 0:15:41]} Nxe5 {[%clk 0:10:01]} 16. Qd4
{[%clk 0:15:38]} Nc6 {[%clk 0:09:21]} 17. Qh4 {[%clk 0:15:43]} h6
{[%clk 0:09:20]} 18. Bxf6 {[%clk 0:15:51]} Qxf6 {[%clk 0:09:29]} 19. Qxf6
{[%clk 0:15:59]} gxf6 {[%clk 0:09:39]} 20. Ng3 {[%clk 0:15:41]} f5
{[%clk 0:06:30]} 21. Rad1 {[%clk 0:15:03]} Red8 {[%clk 0:06:17]} 22. Bf3
{[%clk 0:14:40]} b5 {[%clk 0:06:04]} 23. a3 {[%clk 0:14:40]} a5 {[%clk 0:06:06]}
24. Nh5 {[%clk 0:14:37]} Ne7 {[%clk 0:05:46]} 25. Rd4 {[%clk 0:13:35]} Ra6
{[%clk 0:05:21]} 26. Red1 {[%clk 0:12:29]} Nc6 {[%clk 0:04:49]} 27. Rh4
{[%clk 0:12:32]} Ne5 {[%clk 0:04:41]} 28. Be2 {[%clk 0:12:13]} Rb6
{[%clk 0:04:45]} 29. Nf4 {[%clk 0:08:10]} Kg7 {[%clk 0:03:41]} 30. Nd3
{[%clk 0:08:05]} Nc6 {[%clk 0:03:20]} 31. Bf3 {[%clk 0:07:03]} Ne7
{[%clk 0:02:00]} 32. Nc5 {[%clk 0:06:49]} Rdb8 {[%clk 0:01:17]} 33. Rhd4
{[%clk 0:05:54]} b4 {[%clk 0:01:14]} 34. cxb4 axb4 35. a4 {[%clk 0:05:43]} Rc8
{[%clk 0:01:19]} 36. Nb3 {[%clk 0:05:33]} Rc4 {[%clk 0:00:31]} 37. Be2
{[%clk 0:05:18]} Rc2 {[%clk 0:00:24]} 38. R4d2 {[%clk 0:05:15]} Rxd2
{[%clk 0:00:29]} 39. Rxd2 {[%clk 0:05:23]} Nc6 {[%clk 0:00:16]} 40. a5
{[%clk 0:05:15]} Rb8 {[%clk 0:00:26]} 41. a6 {[%clk 0:05:18]} Ne5
{[%clk 0:00:16]} 42. Nd4 {[%clk 0:03:47]} Nc4 {[%clk 0:00:11]} 43. Rc2
{[%clk 0:02:28]} b3 {[%clk 0:00:17]} 44. Rc3 {[%clk 0:02:36]} Ra8
{[%clk 0:00:19]} 45. Rxb3 {[%clk 0:02:20]} Rxa6 {[%clk 0:00:28]} 46. h4
{[%clk 0:02:23]} Ra1+ {[%clk 0:00:24]} 47. Kh2 {[%clk 0:02:30]} Rb1
{[%clk 0:00:30]} 48. Rb7 {[%clk 0:02:34]} Kf6 {[%clk 0:00:27]} 49. b3
{[%clk 0:02:19]} Nd2 {[%clk 0:00:26]} 50. b4 {[%clk 0:01:31]} f4 {[%clk 0:00:35]}
51. b5 {[%clk 0:01:27]} Ne4 {[%clk 0:00:26]} 52. Bd3 {[%clk 0:00:20]} Rd1
{[%clk 0:00:35]} 53. Nxe6 {[%clk 0:00:22]} fxe6 {[%clk 0:00:27]} 54. Bxe4
{[%clk 0:00:29]} dxe4 {[%clk 0:00:37]} 55. Rc7 {[%clk 0:00:20]} Rb1
{[%clk 0:00:23]} 56. g3 {[%clk 0:00:13]} e3 {[%clk 0:00:23]} 57. fxe3
{[%clk 0:00:20]} fxe3 {[%clk 0:00:28]} 58. Rc2 {[%clk 0:00:27]} Rd1
{[%clk 0:00:18]} 59. b6 {[%clk 0:00:27]} Rd2+ {[%clk 0:00:23]} 60. Rxd2
{[%clk 0:00:36]} exd2 {[%clk 0:00:32]} 61. b7 {[%clk 0:00:46]} d1=Q
{[%clk 0:00:39]} 62. b8=Q {[%clk 0:00:54]} Qc2+ {[%clk 0:00:41]} 1/2-1/2

[Event "Rapid 2018"]
[Site "Saint-Petersburg"]
[Date "2018.12.27"]
[Round "10"]
[Board "92"]
[White "Vorotnikov Vladislav V (RUS)"]
[Black "Hakobyan Aram (ARM)"]
[Result "0-1"]
[BlackElo "2545"]
[WhiteElo "2267"]
[LiveChessVersion "1.4.8"]

1. d4 {[%clk 0:15:18]} f5 {[%clk 0:15:04]} 2. Bf4 {[%clk 0:15:12]} Nf6
{[%clk 0:15:12]} 3. e3 {[%clk 0:15:19]} d6 {[%clk 0:15:12]} 4. c3
{[%clk 0:15:08]} g6 {[%clk 0:15:17]} 5. h4 {[%clk 0:15:08]} h6 {[%clk 0:15:00]}
6. Nd2 {[%clk 0:15:00]} Bg7 {[%clk 0:15:08]} 7. Bd3 {[%clk 0:14:44]} e5
{[%clk 0:14:59]} 8. Bh2 {[%clk 0:14:33]} Ng4 {[%clk 0:14:50]} 9. Bg3
{[%clk 0:13:24]} O-O {[%clk 0:14:56]} 10. Ne2 {[%clk 0:13:16]} Nc6
{[%clk 0:14:45]} 11. Nf1 {[%clk 0:11:36]} Qe7 {[%clk 0:14:35]} 12. Qb3+
{[%clk 0:10:16]} Kh8 {[%clk 0:14:26]} 13. f3 {[%clk 0:10:17]} Nf6
{[%clk 0:14:27]} 14. d5 {[%clk 0:09:32]} e4 {[%clk 0:14:26]} 15. dxc6
{[%clk 0:07:38]} exd3 {[%clk 0:14:32]} 16. Nf4 {[%clk 0:07:40]} d2+
{[%clk 0:13:04]} 17. Nxd2 {[%clk 0:06:39]} Kh7 {[%clk 0:11:45]} 18. cxb7
{[%clk 0:06:30]} Qxe3+ {[%clk 0:11:00]} 19. Kd1 {[%clk 0:06:32]} Bxb7
{[%clk 0:11:04]} 20. Re1 {[%clk 0:05:13]} Qb6 {[%clk 0:11:10]} 21. Qxb6
{[%clk 0:05:13]} axb6 {[%clk 0:11:14]} 22. Re7 {[%clk 0:05:18]} Nd5
{[%clk 0:07:26]} 23. Nxd5 {[%clk 0:05:26]} Bxd5 {[%clk 0:07:35]} 24. Rxc7
{[%clk 0:05:34]} Bxa2 {[%clk 0:07:40]} 25. Bf2 {[%clk 0:05:05]} Kg8
{[%clk 0:07:23]} 26. b3 {[%clk 0:03:40]} Rf7 {[%clk 0:05:11]} 27. Rxf7
{[%clk 0:03:35]} Bxc3 {[%clk 0:05:17]} 28. Bxb6 {[%clk 0:02:54]} Kxf7
{[%clk 0:05:03]} 29. Rc1 {[%clk 0:02:51]} Bxd2 {[%clk 0:05:11]} 30. Kxd2
{[%clk 0:03:00]} Bxb3 {[%clk 0:05:19]} 31. g4 {[%clk 0:02:45]} Bd5
{[%clk 0:05:19]} 32. Rc7+ {[%clk 0:02:25]} Ke6 {[%clk 0:04:23]} 33. Rg7
{[%clk 0:02:14]} Ra2+ {[%clk 0:04:14]} 34. Ke1 {[%clk 0:02:08]} fxg4
{[%clk 0:04:10]} 35. Rxg6+ {[%clk 0:02:08]} Kf5 {[%clk 0:04:17]} 36. Rxg4
{[%clk 0:01:50]} Bxf3 {[%clk 0:04:26]} 37. Rb4 {[%clk 0:01:51]} d5
{[%clk 0:04:33]} 38. Bc7 {[%clk 0:01:46]} Be4 {[%clk 0:04:35]} 39. Bg3
{[%clk 0:01:12]} Kg4 {[%clk 0:04:43]} 40. Bf2 {[%clk 0:01:14]} h5
{[%clk 0:04:24]} 41. Rb8 {[%clk 0:01:05]} Kf5 {[%clk 0:03:30]} 42. Rf8+
{[%clk 0:01:10]} Ke6 {[%clk 0:03:26]} 43. Bd4 {[%clk 0:01:10]} Rh2
{[%clk 0:03:26]} 44. Rf6+ {[%clk 0:01:05]} Ke7 {[%clk 0:03:24]} 45. Rf2
{[%clk 0:00:57]} Rh3 {[%clk 0:03:28]} 46. Ke2 {[%clk 0:01:00]} Kd7
{[%clk 0:03:30]} 47. Rf4 {[%clk 0:01:02]} Kc6 {[%clk 0:03:37]} 48. Bf2
{[%clk 0:01:04]} Kb5 {[%clk 0:03:41]} 49. Rf8 {[%clk 0:01:12]} Ra3
{[%clk 0:03:39]} 50. Rb8+ {[%clk 0:01:13]} Kc6 {[%clk 0:03:44]} 51. Rb6+
{[%clk 0:01:17]} Kc7 {[%clk 0:03:51]} 52. Rh6 {[%clk 0:01:20]} Bf3+
{[%clk 0:03:55]} 53. Kd2 {[%clk 0:01:25]} Bg4 {[%clk 0:04:03]} 54. Rf6
{[%clk 0:01:22]} Kd7 {[%clk 0:04:01]} 55. Bc5 {[%clk 0:01:11]} Ra2+
{[%clk 0:04:02]} 56. Ke3 {[%clk 0:00:59]} Re2+ {[%clk 0:03:11]} 57. Kd4
{[%clk 0:00:52]} Be6 {[%clk 0:03:17]} 58. Rf4 {[%clk 0:00:48]} Rc2
{[%clk 0:03:24]} 59. Bf8 {[%clk 0:00:42]} Rd2+ {[%clk 0:03:18]} 60. Ke5
{[%clk 0:00:41]} Re2+ {[%clk 0:03:21]} 61. Kd4 {[%clk 0:00:34]} Kc6
{[%clk 0:03:30]} 62. Be7 {[%clk 0:00:24]} Bg4 {[%clk 0:03:27]} 63. Bg5
{[%clk 0:00:24]} Rd2+ {[%clk 0:03:31]} 64. Kc3 {[%clk 0:00:26]} Rd1
{[%clk 0:03:39]} 65. Rd4 {[%clk 0:00:23]} Re1 {[%clk 0:03:37]} 66. Ra4
{[%clk 0:00:25]} Kd6 {[%clk 0:03:16]} 67. Kd2 {[%clk 0:00:14]} Re2+
{[%clk 0:03:17]} 68. Kd3 {[%clk 0:00:23]} Re1 {[%clk 0:03:02]} 69. Ra8
{[%clk 0:00:20]} Rd1+ {[%clk 0:03:10]} 70. Kc2 {[%clk 0:00:25]} d4
{[%clk 0:03:17]} 71. Rd8+ {[%clk 0:00:25]} Kc5 {[%clk 0:03:12]} 72. Ra8
{[%clk 0:00:18]} Rh1 {[%clk 0:03:10]} 73. Ra5+ {[%clk 0:00:25]} Kb4
{[%clk 0:03:09]} 74. Bd2+ {[%clk 0:00:21]} Kc4 {[%clk 0:03:17]} 75. Ra4+
{[%clk 0:00:27]} Kd5 {[%clk 0:03:26]} 76. Bg5 {[%clk 0:00:34]} Bd1+
{[%clk 0:03:34]} 0-1

[Event "Rapid 2018"]
[Site "Saint-Petersburg"]
[Date "2018.12.27"]
[Round "10"]
[Board "93"]
[White "Dubrovin Robert (EST)"]
[Black "Rechlis Gad (ISR)"]
[Result "0-1"]
[BlackElo "2543"]
[WhiteElo "2315"]
[LiveChessVersion "1.4.8"]

1. d4 {[%clk 0:15:18]} Nf6 {[%clk 0:15:19]} 2. c4 {[%clk 0:15:27]} e6
{[%clk 0:15:27]} 3. Nf3 {[%clk 0:15:24]} c5 {[%clk 0:15:35]} 4. d5
{[%clk 0:15:32]} exd5 {[%clk 0:15:44]} 5. cxd5 {[%clk 0:15:41]} d6
{[%clk 0:15:53]} 6. Nc3 {[%clk 0:15:50]} g6 {[%clk 0:16:02]} 7. Nd2
{[%clk 0:15:59]} Nbd7 {[%clk 0:16:01]} 8. e4 {[%clk 0:16:06]} Bg7
{[%clk 0:16:10]} 9. Be2 {[%clk 0:16:14]} O-O {[%clk 0:16:18]} 10. O-O
{[%clk 0:16:23]} Re8 {[%clk 0:16:27]} 11. f4 {[%clk 0:16:28]} c4 {[%clk 0:16:22]}
12. Kh1 {[%clk 0:15:59]} Nc5 {[%clk 0:15:27]} 13. e5 {[%clk 0:16:06]} dxe5
{[%clk 0:15:36]} 14. fxe5 {[%clk 0:16:15]} Rxe5 {[%clk 0:15:23]} 15. Nxc4
{[%clk 0:16:24]} Rf5 {[%clk 0:15:29]} 16. Bf4 {[%clk 0:16:13]} Nfe4
{[%clk 0:07:22]} 17. Nxe4 {[%clk 0:14:03]} Nxe4 {[%clk 0:07:30]} 18. Ne3
{[%clk 0:13:20]} Bxb2 {[%clk 0:06:35]} 19. Nxf5 {[%clk 0:11:46]} Bxf5
{[%clk 0:06:42]} 20. Bf3 {[%clk 0:08:44]} Qb6 {[%clk 0:03:43]} 21. Bxe4
{[%clk 0:04:25]} Bxe4 {[%clk 0:03:51]} 22. d6 {[%clk 0:04:19]} Qc6
{[%clk 0:03:23]} 23. Qd2 {[%clk 0:04:09]} Bc3 {[%clk 0:03:28]} 24. Qf2
{[%clk 0:04:03]} Bxa1 {[%clk 0:03:26]} 25. Rxa1 {[%clk 0:03:57]} Re8
{[%clk 0:03:16]} 26. Rd1 {[%clk 0:03:54]} Qd7 {[%clk 0:02:55]} 27. Rc1
{[%clk 0:02:12]} Bc6 {[%clk 0:02:52]} 28. Rf1 {[%clk 0:01:38]} Re6
{[%clk 0:02:24]} 29. Rc1 {[%clk 0:00:13]} Qe8 {[%clk 0:02:17]} 30. Qh4
{[%clk 0:00:13]} Re2 31. Rg1 Qe4 {[%clk 0:01:45]} 32. Qg3 {[%clk 0:00:12]} Rxg2
{[%clk 0:01:43]} 33. Qxg2 {[%clk 0:00:11]} Qxf4 {[%clk 0:01:51]} 34. Rd1
{[%clk 0:00:18]} Bxg2+ {[%clk 0:01:58]} 0-1

[Event "Rapid 2018"]
[Site "Saint-Petersburg"]
[Date "2018.12.27"]
[Round "10"]
[Board "94"]
[White "Perdomo Carlos Andres (COL)"]
[Black "Mikhalevski Victor (ISR)"]
[Result "0-1"]
[BlackElo "2516"]
[WhiteElo "2301"]
[LiveChessVersion "1.4.8"]

1. c4 {[%clk 0:15:10]} Nf6 {[%clk 0:15:16]} 2. Nc3 {[%clk 0:15:17]} d5
{[%clk 0:15:25]} 3. d4 {[%clk 0:14:51]} g6 {[%clk 0:15:25]} 4. Nf3
{[%clk 0:14:52]} Bg7 {[%clk 0:15:33]} 5. Qb3 {[%clk 0:14:15]} dxc4
{[%clk 0:15:32]} 6. Qxc4 {[%clk 0:14:23]} O-O {[%clk 0:15:41]} 7. e4
{[%clk 0:14:10]} Nc6 {[%clk 0:15:46]} 8. h3 {[%clk 0:13:45]} e5 {[%clk 0:15:05]}
9. d5 {[%clk 0:12:17]} Nd4 {[%clk 0:15:12]} 10. Bd3 {[%clk 0:11:50]} Nxf3+
{[%clk 0:15:06]} 11. gxf3 {[%clk 0:11:57]} Nh5 {[%clk 0:15:14]} 12. Be3
{[%clk 0:11:24]} c6 {[%clk 0:15:02]} 13. O-O-O {[%clk 0:08:34]} Nf4
{[%clk 0:14:24]} 14. Bc2 {[%clk 0:05:03]} cxd5 {[%clk 0:14:25]} 15. exd5
{[%clk 0:05:12]} Bd7 {[%clk 0:14:00]} 16. h4 {[%clk 0:04:22]} b5 {[%clk 0:13:35]}
17. Qb3 {[%clk 0:03:30]} a5 {[%clk 0:12:13]} 18. Kb1 {[%clk 0:02:54]} Rc8
{[%clk 0:11:47]} 19. Nxb5 {[%clk 0:02:00]} a4 {[%clk 0:11:32]} 20. Qb4
{[%clk 0:01:45]} Rxc2 {[%clk 0:10:33]} 21. Kxc2 {[%clk 0:01:51]} Bf5+
{[%clk 0:09:40]} 22. Kc1 {[%clk 0:01:51]} Qb8 {[%clk 0:09:44]} 23. b3
{[%clk 0:00:36]} Rc8+ {[%clk 0:08:13]} 24. Kb2 {[%clk 0:00:33]} Nd3+
{[%clk 0:07:28]} 25. Rxd3 {[%clk 0:00:42]} Bxd3 {[%clk 0:07:36]} 26. bxa4
{[%clk 0:00:45]} e4+ {[%clk 0:07:04]} 27. Bd4 {[%clk 0:00:39]} Rc4
{[%clk 0:07:09]} 28. Qb3 {[%clk 0:00:17]} Rxd4 {[%clk 0:07:12]} 29. Nxd4
{[%clk 0:00:23]} Bxd4+ {[%clk 0:07:20]} 0-1

[Event "Rapid 2018"]
[Site "Saint-Petersburg"]
[Date "2018.12.27"]
[Round "10"]
[Board "95"]
[White "Sokolov Andrei (LAT)"]
[Black "Gurvich Vitaly (RUS)"]
[Result "1/2-1/2"]
[BlackElo "2255"]
[WhiteElo "2482"]
[LiveChessVersion "1.4.8"]

1. c4 {[%clk 0:15:19]} Nf6 {[%clk 0:15:13]} 2. Nc3 {[%clk 0:15:27]} e6
{[%clk 0:15:19]} 3. Nf3 {[%clk 0:15:32]} Bb4 {[%clk 0:15:22]} 4. Qc2
{[%clk 0:15:34]} O-O {[%clk 0:15:26]} 5. a3 {[%clk 0:15:37]} Bxc3
{[%clk 0:15:31]} 6. Qxc3 {[%clk 0:15:46]} a5 {[%clk 0:15:21]} 7. e3
{[%clk 0:14:37]} d6 {[%clk 0:15:20]} 8. b3 {[%clk 0:14:32]} b6 {[%clk 0:15:21]}
9. Be2 {[%clk 0:14:40]} Bb7 {[%clk 0:15:30]} 10. O-O {[%clk 0:14:48]} Nbd7
{[%clk 0:15:34]} 11. d3 {[%clk 0:14:50]} c5 {[%clk 0:14:17]} 12. Bb2
{[%clk 0:14:46]} Qe7 {[%clk 0:13:26]} 13. b4 {[%clk 0:14:44]} e5 {[%clk 0:13:21]}
14. Rfe1 {[%clk 0:13:52]} Rfe8 {[%clk 0:12:47]} 15. Nd2 {[%clk 0:13:15]} h6
{[%clk 0:12:33]} 16. Bf3 {[%clk 0:12:22]} Bxf3 {[%clk 0:12:28]} 17. Nxf3
{[%clk 0:12:31]} Nf8 {[%clk 0:11:52]} 18. bxc5 {[%clk 0:10:45]} bxc5
{[%clk 0:11:57]} 19. a4 {[%clk 0:10:51]} Qb7 {[%clk 0:10:57]} 20. Rab1
{[%clk 0:10:07]} Qc6 {[%clk 0:10:29]} 21. Qc2 {[%clk 0:10:13]} e4
{[%clk 0:08:37]} 22. Nd2 {[%clk 0:10:14]} exd3 {[%clk 0:08:24]} 23. Qxd3
{[%clk 0:10:24]} Ne4 {[%clk 0:07:49]} 24. Nxe4 {[%clk 0:10:26]} Qxe4
{[%clk 0:07:31]} 25. Qc3 {[%clk 0:09:01]} Ne6 {[%clk 0:07:12]} 26. Ba1
{[%clk 0:08:37]} Reb8 {[%clk 0:06:56]} 27. Rb5 {[%clk 0:08:31]} Rxb5
{[%clk 0:06:56]} 28. axb5 {[%clk 0:08:40]} d5 {[%clk 0:07:03]} 29. cxd5
{[%clk 0:06:11]} Qxd5 {[%clk 0:07:11]} 30. h3 {[%clk 0:05:52]} a4
{[%clk 0:07:00]} 31. b6 {[%clk 0:04:35]} Rb8 {[%clk 0:05:51]} 32. Rb1
{[%clk 0:04:14]} Qa2 {[%clk 0:04:17]} 33. Rb5 {[%clk 0:03:10]} Qe2
{[%clk 0:03:12]} 34. Rb1 {[%clk 0:01:31]} Qa6 {[%clk 0:01:58]} 35. f4
{[%clk 0:01:33]} Rxb6 {[%clk 0:00:56]} 36. Rxb6 {[%clk 0:01:42]} Qxb6
{[%clk 0:01:04]} 37. f5 {[%clk 0:01:52]} Qb1+ {[%clk 0:01:13]} 38. Kh2
{[%clk 0:01:50]} Qxf5 {[%clk 0:01:21]} 39. Qc4 {[%clk 0:01:59]} a3
{[%clk 0:00:54]} 40. Qa6 {[%clk 0:02:09]} Qe4 {[%clk 0:00:31]} 41. Qxa3
{[%clk 0:02:15]} c4 {[%clk 0:00:28]} 42. Qa6 {[%clk 0:01:41]} Qd5
{[%clk 0:00:19]} 43. Qa3 {[%clk 0:01:36]} h5 {[%clk 0:00:17]} 44. Qc3
{[%clk 0:01:45]} Qd6+ {[%clk 0:00:26]} 45. Kg1 {[%clk 0:01:43]} Qd1+
{[%clk 0:00:34]} 46. Kf2 {[%clk 0:01:46]} Qd5 {[%clk 0:00:26]} 47. Qe5
{[%clk 0:01:30]} Qxe5 {[%clk 0:00:26]} 48. Bxe5 {[%clk 0:01:39]} f6
{[%clk 0:00:35]} 49. Ba1 {[%clk 0:01:35]} Kf7 {[%clk 0:00:41]} 50. e4
{[%clk 0:01:42]} Nf4 {[%clk 0:00:43]} 51. Kf3 {[%clk 0:01:43]} Nd3
{[%clk 0:00:48]} 52. Ke3 {[%clk 0:01:43]} g5 {[%clk 0:00:52]} 53. Bc3
{[%clk 0:01:24]} Ke6 {[%clk 0:00:55]} 54. g3 {[%clk 0:01:21]} Ne5
{[%clk 0:00:21]} 55. Kd4 {[%clk 0:01:07]} Kf7 {[%clk 0:00:12]} 56. Kd5
{[%clk 0:01:08]} Nf3 {[%clk 0:00:12]} 57. Kxc4 {[%clk 0:01:09]} Ng1
{[%clk 0:00:21]} 58. h4 {[%clk 0:00:51]} gxh4 {[%clk 0:00:21]} 59. gxh4
{[%clk 0:01:00]} Nf3 {[%clk 0:00:30]} 60. Kd5 {[%clk 0:00:53]} Nxh4 61. e5
{[%clk 0:01:02]} fxe5 {[%clk 0:00:11]} 62. Kxe5 {[%clk 0:01:05]} Kg6
{[%clk 0:00:18]} 63. Kf4 {[%clk 0:01:12]} Ng2+ {[%clk 0:00:27]} 64. Kf3
{[%clk 0:01:17]} Nh4+ {[%clk 0:00:36]} 65. Kf4 {[%clk 0:01:27]} Nf5
{[%clk 0:00:45]} 66. Be1 {[%clk 0:01:31]} h4 {[%clk 0:00:54]} 67. Bxh4
{[%clk 0:01:40]} Nxh4 1/2-1/2

[Event "Rapid 2018"]
[Site "Saint-Petersburg"]
[Date "2018.12.27"]
[Round "10"]
[Board "97"]
[White "Chen Qi B (CHN)"]
[Black "Guimaraes Diogo Duarte (BRA)"]
[Result "1-0"]
[BlackElo "2348"]
[WhiteElo "2258"]
[LiveChessVersion "1.4.8"]

1. e4 {[%clk 0:15:19]} e5 {[%clk 0:13:15]} 2. Nf3 {[%clk 0:15:27]} Nc6
{[%clk 0:13:24]} 3. Bb5 {[%clk 0:15:35]} Nf6 {[%clk 0:13:32]} 4. O-O
{[%clk 0:15:30]} Bc5 {[%clk 0:13:41]} 5. Bxc6 {[%clk 0:14:39]} dxc6
{[%clk 0:13:04]} 6. d3 {[%clk 0:14:28]} Bd6 {[%clk 0:12:53]} 7. Nbd2
{[%clk 0:14:33]} Be6 {[%clk 0:12:57]} 8. Nb3 {[%clk 0:13:38]} O-O
{[%clk 0:12:56]} 9. Ng5 {[%clk 0:12:52]} Bd7 {[%clk 0:12:54]} 10. h3 a5
{[%clk 0:12:40]} 11. a4 {[%clk 0:10:53]} h6 {[%clk 0:12:28]} 12. Nf3
{[%clk 0:11:02]} Be6 {[%clk 0:12:38]} 13. Nbd2 {[%clk 0:11:02]} Nd7
{[%clk 0:12:25]} 14. b3 {[%clk 0:11:06]} f6 {[%clk 0:11:47]} 15. Nc4
{[%clk 0:10:37]} Nb6 {[%clk 0:11:30]} 16. Ne3 {[%clk 0:10:18]} Nc8
{[%clk 0:11:23]} 17. Nh4 {[%clk 0:08:01]} Ne7 {[%clk 0:11:31]} 18. Bd2
{[%clk 0:07:01]} Kh7 {[%clk 0:11:34]} 19. Qe2 {[%clk 0:06:41]} Qd7
{[%clk 0:11:31]} 20. Nc4 {[%clk 0:06:35]} b6 {[%clk 0:11:23]} 21. Nf3
{[%clk 0:06:36]} Bc5 {[%clk 0:11:09]} 22. Be3 {[%clk 0:06:28]} Bxe3
{[%clk 0:11:15]} 23. fxe3 {[%clk 0:06:31]} Ng6 {[%clk 0:10:47]} 24. Qf2
{[%clk 0:06:12]} c5 {[%clk 0:10:18]} 25. Qg3 {[%clk 0:06:10]} Qe8
{[%clk 0:09:23]} 26. Ncd2 {[%clk 0:06:06]} Ne7 {[%clk 0:09:00]} 27. Nh4
{[%clk 0:06:06]} Qh5 {[%clk 0:08:40]} 28. Rf2 {[%clk 0:06:05]} Qg5
{[%clk 0:08:29]} 29. Kh2 {[%clk 0:05:53]} Nc6 {[%clk 0:08:18]} 30. Qxg5
{[%clk 0:05:00]} hxg5 {[%clk 0:08:27]} 31. Nhf3 {[%clk 0:05:08]} g4
{[%clk 0:07:52]} 32. hxg4 {[%clk 0:05:02]} Bxg4 {[%clk 0:08:00]} 33. Kg3
{[%clk 0:05:07]} Be6 {[%clk 0:07:46]} 34. Rh1+ {[%clk 0:04:47]} Kg6
{[%clk 0:07:53]} 35. Nb1 {[%clk 0:04:16]} Rh8 {[%clk 0:07:55]} 36. Rff1
{[%clk 0:04:25]} Nb4 {[%clk 0:08:03]} 37. Na3 {[%clk 0:04:30]} Rad8
{[%clk 0:07:03]} 38. Rxh8 {[%clk 0:04:09]} Rxh8 {[%clk 0:07:12]} 39. d4
{[%clk 0:04:13]} cxd4 {[%clk 0:06:09]} 40. exd4 {[%clk 0:04:22]} exd4
{[%clk 0:06:18]} 41. Nxd4 {[%clk 0:04:30]} Bc8 {[%clk 0:06:02]} 42. Ndb5
{[%clk 0:04:15]} Re8 {[%clk 0:05:55]} 43. Re1 {[%clk 0:03:45]} Re7
{[%clk 0:05:57]} 44. Kf4 {[%clk 0:03:41]} Bb7 {[%clk 0:05:59]} 45. g4
{[%clk 0:03:42]} Kf7 {[%clk 0:05:49]} 46. Kf3 {[%clk 0:03:30]} g6
{[%clk 0:05:53]} 47. Kf4 {[%clk 0:03:39]} g5+ {[%clk 0:05:36]} 48. Kf3
{[%clk 0:03:48]} Rd7 {[%clk 0:05:20]} 49. Ke3 {[%clk 0:03:32]} c6
{[%clk 0:05:11]} 50. Nd4 {[%clk 0:03:29]} Re7 {[%clk 0:04:39]} 51. Nf5
{[%clk 0:03:37]} Re6 {[%clk 0:04:40]} 52. Rd1 {[%clk 0:03:39]} Bc8
{[%clk 0:04:41]} 53. Nd6+ {[%clk 0:03:44]} Rxd6 {[%clk 0:04:48]} 54. Rxd6
{[%clk 0:03:52]} Bxg4 {[%clk 0:04:57]} 55. Rd8 {[%clk 0:03:35]} f5
{[%clk 0:04:57]} 56. c3 {[%clk 0:03:29]} f4+ {[%clk 0:04:48]} 57. Kf2
{[%clk 0:03:38]} Na6 {[%clk 0:04:50]} 58. Nc4 {[%clk 0:03:41]} Ke7
{[%clk 0:04:34]} 59. Rg8 {[%clk 0:03:42]} Nc5 {[%clk 0:04:43]} 60. Nd2
{[%clk 0:03:51]} Kf6 {[%clk 0:04:45]} 61. Rb8 {[%clk 0:03:45]} Nd7
{[%clk 0:04:43]} 62. Rb7 {[%clk 0:03:38]} Be6 {[%clk 0:04:49]} 63. b4
{[%clk 0:03:45]} g4 {[%clk 0:04:51]} 64. bxa5 {[%clk 0:03:50]} bxa5
{[%clk 0:05:00]} 65. Ra7 {[%clk 0:03:59]} Ne5 {[%clk 0:04:22]} 66. Rxa5
{[%clk 0:04:03]} Nd3+ {[%clk 0:03:51]} 67. Kg2 {[%clk 0:04:06]} Ne1+
{[%clk 0:03:46]} 68. Kf1 {[%clk 0:04:11]} Nd3 {[%clk 0:03:47]} 69. Ra6
{[%clk 0:03:36]} Bd7 {[%clk 0:03:29]} 70. Ra7 {[%clk 0:03:41]} Be6
{[%clk 0:03:25]} 71. a5 {[%clk 0:03:42]} f3 {[%clk 0:03:26]} 72. a6
{[%clk 0:03:48]} Nc5 {[%clk 0:03:18]} 73. Kf2 {[%clk 0:03:47]} Ke5
{[%clk 0:03:20]} 74. Kg3 {[%clk 0:03:52]} Nb3 {[%clk 0:03:13]} 75. Nxb3
{[%clk 0:03:52]} Bxb3 {[%clk 0:03:22]} 76. Re7+ {[%clk 0:03:53]} Kd6
{[%clk 0:03:32]} 77. Rb7 {[%clk 0:03:57]} f2 {[%clk 0:03:37]} 78. Kxf2
{[%clk 0:04:05]} Bc2 {[%clk 0:03:46]} 79. a7 {[%clk 0:04:13]} 1-0

[Event "Rapid 2018"]
[Site "Saint-Petersburg"]
[Date "2018.12.27"]
[Round "10"]
[Board "98"]
[White "Yeritsyan Aram (RUS)"]
[Black "Ahmed Hassan Abdillahi (DJI)"]
[Result "1-0"]
[BlackElo "1570"]
[WhiteElo "2209"]
[LiveChessVersion "1.4.8"]

1. e4 {[%clk 0:15:18]} c5 {[%clk 0:15:17]} 2. Nf3 {[%clk 0:15:27]} g6
{[%clk 0:15:15]} 3. d4 {[%clk 0:15:31]} cxd4 {[%clk 0:15:19]} 4. Nxd4
{[%clk 0:15:40]} Nc6 {[%clk 0:15:26]} 5. c4 {[%clk 0:15:48]} Bg7 {[%clk 0:15:34]}
6. Be3 {[%clk 0:15:58]} Nf6 {[%clk 0:15:32]} 7. Nc3 {[%clk 0:16:06]} Qa5
{[%clk 0:15:35]} 8. f3 {[%clk 0:15:56]} O-O {[%clk 0:15:23]} 9. Qd2
{[%clk 0:16:02]} d6 {[%clk 0:14:55]} 10. Be2 {[%clk 0:16:10]} Bd7
{[%clk 0:14:47]} 11. O-O {[%clk 0:16:10]} Rac8 {[%clk 0:14:50]} 12. Rfd1
{[%clk 0:16:12]} Ne5 {[%clk 0:14:53]} 13. Nd5 {[%clk 0:15:53]} Qxd2
{[%clk 0:14:26]} 14. Nxe7+ {[%clk 0:16:00]} Kh8 {[%clk 0:14:33]} 15. Rxd2
{[%clk 0:15:50]} Nxc4 {[%clk 0:13:45]} 16. Nxc8 {[%clk 0:15:56]} Nxd2
{[%clk 0:13:26]} 17. Nxd6 {[%clk 0:15:33]} b5 {[%clk 0:11:38]} 18. Bxd2
{[%clk 0:15:32]} Ne8 {[%clk 0:11:17]} 19. N4xb5 {[%clk 0:15:28]} Nxd6
{[%clk 0:11:16]} 20. Nxd6 {[%clk 0:15:36]} Bxb2 {[%clk 0:11:16]} 21. Rb1
{[%clk 0:15:45]} Bd4+ {[%clk 0:11:24]} 22. Kf1 {[%clk 0:15:54]} Be6
{[%clk 0:11:29]} 23. Bc4 {[%clk 0:15:59]} Bxc4+ {[%clk 0:11:25]} 24. Nxc4
{[%clk 0:16:07]} Rc8 {[%clk 0:11:34]} 25. Nd6 {[%clk 0:15:44]} Rc2
{[%clk 0:11:30]} 26. Rb8+ {[%clk 0:15:46]} Kg7 {[%clk 0:11:29]} 27. Ne8+
{[%clk 0:15:54]} Kf8 {[%clk 0:11:35]} 28. Bb4+ {[%clk 0:15:50]} Bc5
{[%clk 0:11:38]} 29. Bxc5+ {[%clk 0:15:07]} Rxc5 {[%clk 0:11:45]} 30. Kf2
{[%clk 0:15:03]} Rc2+ {[%clk 0:11:42]} 31. Kg3 {[%clk 0:15:12]} Rxa2
{[%clk 0:11:51]} 32. e5 {[%clk 0:15:20]} Ke7 {[%clk 0:11:59]} 33. Nf6
{[%clk 0:15:27]} Ke6 {[%clk 0:12:03]} 34. Kf4 {[%clk 0:15:30]} Ra4+
{[%clk 0:12:12]} 35. Ne4 {[%clk 0:15:38]} Ra2 {[%clk 0:12:03]} 36. Ng5+
{[%clk 0:15:13]} Kd5 {[%clk 0:11:57]} 37. Rd8+ {[%clk 0:15:21]} Kc5
{[%clk 0:11:57]} 38. Nxf7 {[%clk 0:15:25]} Rxg2 {[%clk 0:12:03]} 39. e6
{[%clk 0:15:31]} Re2 {[%clk 0:11:53]} 40. Ne5 {[%clk 0:15:39]} g5+
{[%clk 0:11:51]} 41. Kf5 {[%clk 0:15:47]} g4 42. e7 {[%clk 0:15:51]} gxf3
{[%clk 0:11:57]} 43. e8=Q {[%clk 0:15:58]} f2 {[%clk 0:12:06]} 44. Qc6+
{[%clk 0:15:49]} 1-0